|
|
|
|
| LEADER |
01270nam a2200301 a 4500 |
| 001 |
14150 |
| 003 |
BD-DhAAL |
| 008 |
090506s1993 nyua 001 0 eng d |
| 999 |
|
|
|c 444
|d 444
|
| 010 |
|
|
|a \\\92040109
|
| 020 |
|
|
|a 0070163138 :
|c $52.95
|
| 020 |
|
|
|a 0071125965
|
| 040 |
|
|
|a DLC
|c DLC
|d DLC
|d BD-DhAAL
|
| 082 |
0 |
0 |
|a 620.11296
|2 20
|
| 100 |
1 |
|
|a DeHoff, Robert T.
|9 42031
|
| 245 |
1 |
0 |
|a Thermodynamics in materials science /
|c Robert T. DeHoff.
|
| 260 |
|
|
|a New York :
|b McGraw-Hill,
|c c1993.
|
| 300 |
|
|
|a xv, 532 pages :
|b illustrations ;
|c 24 cm.
|
| 490 |
|
0 |
|a McGraw-Hill series in materials science and engineering.
|
| 500 |
|
|
|a Includes index.
|
| 541 |
1 |
|
|e 14150
|
| 650 |
|
0 |
|a Materials science.
|9 42032
|
| 650 |
|
0 |
|a Thermodynamics.
|9 42033
|
| 830 |
|
|
|a McGraw-Hill series in materials science and engineering.
|9 42034
|
| 852 |
4 |
|
|a Ayesha Abed Library
|c General Stacks
|
| 942 |
|
|
|2 ddc
|c BK
|
| 952 |
|
|
|0 0
|1 0
|2 ddc
|4 0
|6 620_112960000000000_DEH
|7 0
|9 14258
|a BRACUL
|b BRACUL
|c GEN
|d 2011-01-29
|g 812.50
|l 2
|m 20
|o 620.11296 DEH
|p 3010014150
|r 2017-05-07
|s 2017-03-05
|t 1
|w 2011-01-29
|y BK
|x Price available in register book.
|
| 952 |
|
|
|0 0
|1 0
|2 ddc
|4 0
|6 620_112960000000000_DEH_1993
|7 0
|9 18130
|a BRACUL
|b BRACUL
|c GEN
|d 2011-09-19
|l 0
|o 620.11296 DEH
|p 3010014161
|r 2011-09-19
|t 2
|w 2011-09-19
|y BK
|